000 00907nam a2200265 4500
001 0005623
003 DO-SdBNP
005 20221102094844.0
007 0005623
008 160411b 2002 sp ||||| |||| 00| 0 spa d
020 _a958704035X
040 _aBPMSU
_bspa
_cBPMSU
082 4 _a809
_bR278i 2004
_222
245 0 3 _aLa razón, el ingenio y la sutileza :
_bantología de literatura renacentista /
_cselección, introducción y notas de Gloria Prado ; Dante Alighieri ... [et al.].
_g
260 _aBogotá:
_bAlfaguara,
_c2004
300 _a190 p. ;
_c 24 cm.
500 _aIncluye referencias bibliográficas y notas al pie de las páginas
590 _6Inventariado, 2022/VM
650 4 _a Literatura renacentista
_cColecciones.
650 4 _aPoesía renacentista
700 1 _aPrado, Gloria .
700 1 _aDante Alighieri,
_d1265-1321 .
910 _aVMateo V./Validado
942 _2ddc
_cBK
999 _c9693
_d9693